| 000 | 02822nam a2200565 a 4500 | ||
|---|---|---|---|
| 003 | BLK | ||
| 005 | 20250123101005.0 | ||
| 008 | 180409b bul|||||r ||||||| ||bul|| | ||
| 010 | _aKNG00145923000 | ||
| 040 | _aBLK | ||
| 041 |
_aBUL _cBUL |
||
| 072 | 7 |
_2bullib _aК _xКраезнание |
|
| 072 | 7 |
_2bullib _aЯ _xАвтографи |
|
| 080 |
_aНационалноосвободителното движение в България (1856-1877) _b94(497.2)"1856/1877" _x(092) _z94(497.2)"1856/1877"(092) |
||
| 080 |
_aСъби Стойков Попович. Български революционер и възрожденец, революционен демократ, публицист, журналист, историк и етнограф _b929 Раковски, Георги Сава _z929 Раковски, Георги Сава |
||
| 139 |
_aПопов, Черньо _bР 31 |
||
| 245 | 1 | 0 |
_aЧерти от живота на Сава С. Раковски _cнаредил Черньо Попов. |
| 257 | _aBGR | ||
| 260 |
_bИзд. състав. _c1891 _fРусе : скоропеч. Спиро Гулабчев _aРусе |
||
| 300 |
_a142 с. _c25 см |
||
| 380 | _a9 | ||
| 490 |
_9435080 _aКолекция Редки и ценни издания |
||
| 520 | _aОбнародвани 35 писма на Раковски до Йосиф Дайнелов. На с. 69-70 е дадено писмо на Й. Дайнелов до Черньо Попов от 14 окт. 1890 г., в което говори, че е успял да съхрани около 200 писма на Раковски. | ||
| 600 | 1 | 4 |
_aРаковски, Георги Сава _9244444 |
| 650 | 4 |
_aНационалноосвободително движение - България - дейци _9243361 |
|
| 650 | 4 |
_aРаковски, Георги Сава _9244444 |
|
| 650 | 4 |
_aВъзрожденци, български _9246435 |
|
| 650 | 4 |
_aРеволюционери, български _9252105 |
|
| 651 | 4 |
_aБългария _9241624 |
|
| 653 | _aбългарска история | ||
| 653 | _aнационалноосвободителни движения | ||
| 653 | _aГеорги Раковски | ||
| 653 | _aреволюционери | ||
| 653 | _aбългарски писатели | ||
| 653 | _aвъзрожденци | ||
| 653 |
_aЙосиф Дайнелов _9188068 |
||
| 659 | _aК | ||
| 659 | _aЦ | ||
| 659 | _aЯ | ||
| 700 | 1 |
_aПопов, Черньо _eнаредил _9326888 |
|
| 852 |
_aРб 891 _bРц |
||
| 852 | _aК 94(497.2)"1856/1877"(092)/Р 31 | ||
| 856 | 4 | _qpdf | |
| 942 |
_cKNG _n0 _s1 _01 |
||
| 944 |
_aCR _c15.07.2013 _lВаля Йорданова _k30558 |
||
| 944 |
_aED _c2020-10-12 |
||
| 999 |
_c139873 _d139873 |
||
| 999 | _d139873 | ||
| 999 | _d139873 | ||
| 999 | _d139873 | ||